ბათუმის შოთა რუსთაველის სახელმწიფო უნივერსიტეტის ბიბლიოთეკა

Энциклопедический словарь: (ბიბ.ჩანაწერი № 36943)

000 -LEADER
fixed length control field 00748nam a2200217Ia 4500
001 - CONTROL NUMBER
control field 2894
003 - CONTROL NUMBER IDENTIFIER
control field GE_BSU
005 - DATE AND TIME OF LATEST TRANSACTION
control field 20221102110436.0
008 - FIXED-LENGTH DATA ELEMENTS--GENERAL INFORMATION
fixed length control field 181216s1996ru xx |||||||||||||| ||rus||
020 ## - INTERNATIONAL STANDARD BOOK NUMBER
International Standard Book Number 5878110164
040 ## - CATALOGING SOURCE
Transcribing agency GE_BSU
041 ## - LANGUAGE CODE
Language code of text/sound track or separate title rus
080 ## - UNIVERSAL DECIMAL CLASSIFICATION NUMBER
Universal Decimal Classification number 33(031)+368 Е-91
245 ## - TITLE STATEMENT
Title Энциклопедический словарь:
Remainder of title Экономика и страхование /
Statement of responsibility, etc. Т.И. Дробны
264 ## - PRODUCTION, PUBLICATION, DISTRIBUTION, MANUFACTURE, AND COPYRIGHT NOTICE
Place of production, publication, distribution, manufacture Москва
Name of producer, publisher, distributor, manufacturer Церих-Пэл,
Date of production, publication, distribution, manufacture, or copyright notice 1996.
300 ## - PHYSICAL DESCRIPTION
Extent 528 с.:
653 ## - INDEX TERM--UNCONTROLLED
keyword Энциклопедический словарь
653 ## - INDEX TERM--UNCONTROLLED
keyword ენციკლოპედიური ლექსიკონი
700 ## - ADDED ENTRY--PERSONAL NAME
Personal name Дробны, Т.И.
Relator term რედაქტორი
9 (RLIN) 15720
942 ## - ADDED ENTRY ELEMENTS (KOHA)
Koha item type წიგნი
Source of classification or shelving scheme
ეგზემპლარები
Withdrawn status Lost status Source of classification or shelving scheme Damaged status Not for loan Permanent Location Current Location Shelving location Date acquired Cost, normal purchase price Full call number Barcode Date last seen Copy number Price effective from Koha item type Public note
          ბათუმის შოთა რუსთაველის სახელმწიფო უნივერსიტეტის მთავარი ბიბლიოთეკა ბათუმის შოთა რუსთაველის სახელმწიფო უნივერსიტეტის მთავარი ბიბლიოთეკა წიგნსაცავი 2018-12-17 13.00 33(031)+368 Е-91 7807 2018-12-17 7807 2018-12-17 წიგნი 13ლ.90თ.
          ბათუმის შოთა რუსთაველის სახელმწიფო უნივერსიტეტის მთავარი ბიბლიოთეკა ბათუმის შოთა რუსთაველის სახელმწიფო უნივერსიტეტის მთავარი ბიბლიოთეკა წიგნსაცავი 2018-12-17 13.00 33(031)+368 Е-91 7808 2018-12-17 7808 2018-12-17 წიგნი 13ლ.90თ.